| 000 | 00994nam a22003137a 4500 | ||
|---|---|---|---|
| 003 | CHAP | ||
| 005 | 20220329135011.0 | ||
| 008 | 971013s1974 r 00010 d | ||
| 010 | _a29313 | ||
| 011 | _a30285 | ||
| 035 | _a34397 | ||
| 040 | _cCHAP | ||
| 082 |
_a632 _bK7 |
||
| 100 | 0 | 0 |
_aKranz, Jurgen. _963867 |
| 245 | _aEpidemics of plant diseases ; mathematical analysis and modeling | ||
| 260 |
_aNew York : _bSpringer-Verlag, _c1974 |
||
| 300 |
_a170 p. _b: ilus. ; gráfs. |
||
| 490 |
_aEcological studies _v; 13 |
||
| 590 |
_aBATCH-UPD _b10 _c20130110 _lUCH01 _h1835 |
||
| 590 |
_aBATCH-UPD _b10 _c20130410 _lUCH01 _h1207 |
||
| 590 |
_aBATCH-UPD _b10 _c20130914 _lUCH01 _h1253 |
||
| 590 |
_aCONVERSION _b10 _c20130109 _lUCH01 _h1317 |
||
| 650 | 1 | 4 |
_aEpidemiología _xModelos matemáticos. _937217 |
| 650 | 1 | 4 |
_aFitopatología. _941161 |
| 830 | 0 |
_aEcological studies _v; 13 _935133 |
|
| 901 | _aBK | ||
| 942 | _cLIBRO | ||
| 949 |
_a632 K7 _bBC _cLIBRO _d33724000174611 _eLIBRO _h57189 _i34397 _si |
||
| 999 |
_c29313 _d29313 |
||